Singapour pour les touristes... - Statistiques

Statistiques générales
  • Ce quiz a été pris 37 fois
  • Le résultat moyen est 9 sur 20
Statistiques - réponses
Question Indice Réponses % Correct
Quelles sont les langues officielles ? Anglais
97%
Quelles sont les langues officielles ? Mandarin
82%
Quelles sont les langues officielles ? Malais
79%
Quel est le climat local ? E Equatorial
71%
Dans la capitale quel est le décalage horaire avec Paris ? (+ ou - et chiffre) ex - 10 ou + 3,5 + 6
68%
Combien d'heures (environ) mettrez-vous pour vous y rendre ? (en chiffres) 16
65%
Le suffixe internet est sg
65%
Comment se nomme la principale compagnie aérienne locale S A Singapore Airlines
65%
Achats à faire 1/ Statuette de Merlion
62%
Le principal aéroport est C Changi
56%
Quelles sont les langues officielles ? Tamoul
50%
La religion majoritaire est Bouddhisme
47%
Quel est le régime du pays ? R P République parlementaire
35%
Quelles sont les principaux lieux touristiques ? P U Ile de {Pulau Ubin}
26%
Quelle est la monnaie ? Dollar de Singapour
21%
Quelles sont les principaux lieux touristiques ? M Merlion de {Sentosa}
15%
Code sur les plaques minéralogiques SGP
12%
Quelles sont les principaux lieux touristiques ? P Quartier de {Padang}
3%
Achats à faire 2/ Orchidée conservée nommée RISIS
0%
Achats à faire 3/ Set de petit-déjeuner nommé Ya kun kaya
0%
Aucun quiz correspondant
Distribution des résultats
% des personnes avec chaque résultat
Percentile par nombre de réponses
Votre historique - résultats
Vous n’avez pas pris ce quiz